000
00200 a2200097 4500
001
49491
100
_a
Hutchine
245
_a
Real achievement
260
_a
London
_b
Longman
_c
090
_c
32022
_d
32022
942
_a
NUST-CAE
_c
M
_c
24473
999
_c
284564
_d
284564